00298pab a2200097 454500008003600000100001900036245008700055650001200142650001000154773003600164180718b xxu||||| |||| 00| 0 eng d aKrishan, Avtar aCurrent trends of international crime and police cooperation in combating the same a Police aCrime aPolice Research and Development